000 00853cab a2200277 4500
001 ABS58335
008 090401t1998 xxu||||| |||| 00| 0 eng d
035 _a(Sirsi) u84519
041 _aeng
245 _aCity update - Budapest
260 _c1998
350 _a0
490 _aEuroProperty
_vFebruary 1998, 10(1)
520 _aBrief overview of the property market in Budapest. Covers office, retail and industrial markets. tables.
650 _aBUDAPEST
650 _aEASTERN EUROPE
650 _aHUNGARY
650 _aINDUSTRIAL MARKET
650 _aPROPERTY-COMMERCIAL PROPERTY-OFFICE PROPERTY-OFFICE PROPERTY MARKET
650 _aOFFICE RENTS
650 _aRETAIL DEVELOPMENT
650 _aPROPERTY-COMMERCIAL PROPERTY-RETAIL PROPERTY-RETAIL PROPERTY MARKET
690 _aOVERSEAS-EUROPE
942 _n0
948 _c26/02/1998
999 _c53114
_d53114